[Event "DVM U12 2022"]
[Site "München GER"]
[Date "2022.12.27"]
[Round "1"]
[White "Botschek, Marius"]
[Black "Sitnik, Arthur"]
[Result "0-1"]
[Termination "normal"]
[Board "6.4"]
[WhiteElo "1451"]
[BlackElo "1253"]
[WhiteClock "00:20:44"]
[BlackClock "00:26:01"]
[WhiteTeam "SV 1947 Walldorf"]
[BlackTeam "SK Kelheim 1920"]
[PlyCount "92"]
[WhiteFideId "34629521"]
[BlackFideId "34608150"]
[EventCountry "GER"]
[EventRounds "7"]
[EventType "team-swiss"]
[EventDate "2022.12.26"]

1. e4 {[%clk 01:30:57]} {[%emt 00:00:02]} e5 {[%clk 01:30:57]} {[%emt
00:00:04]} 2. Nf3 {[%clk 01:31:18]} {[%emt 00:00:06]} Nc6 {[%clk 01:31:22]}
{[%emt 00:00:07]} 3. Bc4 {[%clk 01:31:39]} {[%emt 00:00:09]} Bc5 {[%clk
01:31:47]} {[%emt 00:00:05]} 4. O-O {[%clk 01:31:56]} {[%emt 00:00:13]} d6
{[%clk 01:31:54]} {[%emt 00:00:23]} 5. c3 {[%clk 01:32:01]} {[%emt 00:00:25]}
Bg4 {[%clk 01:32:11]} {[%emt 00:00:13]} 6. d3 {[%clk 01:32:04]} {[%emt
00:00:27]} Bh5 {[%clk 01:24:31]} {[%emt 00:08:10]} 7. Be3 {[%clk 01:31:32]}
{[%emt 00:01:01]} Bb6 {[%clk 01:21:22]} {[%emt 00:03:39]} 8. Nbd2 {[%clk
01:29:39]} {[%emt 00:02:22]} Nf6 {[%clk 01:20:21]} {[%emt 00:01:32]} 9. Re1
{[%clk 01:26:50]} {[%emt 00:03:19]} h6 {[%clk 01:19:39]} {[%emt 00:01:13]} 10.
Nf1 {[%clk 01:23:59]} {[%emt 00:03:21]} Qd7 {[%clk 01:14:15]} {[%emt 00:05:54]}
11. Ng3 {[%clk 01:23:04]} {[%emt 00:01:25]} Bxf3 {[%clk 01:13:41]} {[%emt
00:01:04]} 12. Qxf3 {[%clk 01:22:43]} {[%emt 00:00:51]} O-O-O {[%clk 01:13:19]}
{[%emt 00:00:52]} 13. b4 {[%clk 01:14:40]} {[%emt 00:08:32]} Ng4 {[%clk
01:10:18]} {[%emt 00:03:31]} 14. Bxb6 {[%clk 01:13:03]} {[%emt 00:02:07]} axb6
{[%clk 01:09:52]} {[%emt 00:00:57]} 15. Qxf7 {[%clk 01:12:51]} {[%emt
00:00:41]} Qxf7 {[%clk 01:09:52]} {[%emt 00:00:30]} 16. Bxf7 {[%clk 01:13:15]}
{[%emt 00:00:06]} Kb8 {[%clk 01:08:58]} {[%emt 00:01:23]} 17. Bb3 {[%clk
01:11:51]} {[%emt 00:01:55]} Rhf8 {[%clk 01:07:41]} {[%emt 00:01:44]} 18. f3
{[%clk 01:10:36]} {[%emt 00:01:48]} Nf6 {[%clk 01:07:40]} {[%emt 00:00:31]} 19.
a4 {[%clk 01:09:28]} {[%emt 00:01:38]} d5 {[%clk 01:06:00]} {[%emt 00:02:10]}
20. b5 {[%clk 01:08:17]} {[%emt 00:01:40]} Na5 {[%clk 01:05:46]} {[%emt
00:00:45]} 21. Bxd5 {[%clk 01:03:30]} {[%emt 00:05:17]} Nxd5 {[%clk 01:05:54]}
{[%emt 00:00:22]} 22. exd5 {[%clk 01:03:56]} {[%emt 00:00:04]} Rxd5 {[%clk
01:06:14]} {[%emt 00:00:10]} 23. Re3 {[%clk 01:00:13]} {[%emt 00:04:12]} Rfd8
{[%clk 01:04:38]} {[%emt 00:02:07]} 24. Rd1 {[%clk 00:55:20]} {[%emt 00:05:23]}
Nc4 {[%clk 01:00:32]} {[%emt 00:04:36]} 25. Re4 {[%clk 00:49:23]} {[%emt
00:06:26]} Nb2 {[%clk 00:59:30]} {[%emt 00:01:32]} 26. Rd2 {[%clk 00:44:52]}
{[%emt 00:05:02]} Nxd3 {[%clk 00:59:00]} {[%emt 00:01:00]} 27. Nf5 {[%clk
00:40:49]} {[%emt 00:04:33]} R8d7 {[%clk 00:50:22]} {[%emt 00:09:08]} 28. Rg4
{[%clk 00:36:42]} {[%emt 00:04:36]} Rc5 {[%clk 00:41:35]} {[%emt 00:09:18]} 29.
c4 {[%clk 00:33:17]} {[%emt 00:03:55]} e4 {[%clk 00:38:46]} {[%emt 00:03:18]}
30. Rxg7 {[%clk 00:25:56]} {[%emt 00:07:50]} Rxg7 {[%clk 00:37:10]} {[%emt
00:02:06]} 31. Nxg7 {[%clk 00:26:22]} {[%emt 00:00:04]} Rxc4 {[%clk 00:37:15]}
{[%emt 00:00:26]} 32. g4 {[%clk 00:23:44]} {[%emt 00:03:07]} Rc1 {[%clk
00:30:50]} {[%emt 00:06:55]} 33. Kg2 {[%clk 00:22:57]} {[%emt 00:01:17]} e3
{[%clk 00:28:55]} {[%emt 00:02:25]} 34. Rxd3 {[%clk 00:20:13]} {[%emt
00:03:14]} e2 {[%clk 00:29:14]} {[%emt 00:00:12]} 35. Rd8 {[%clk 00:20:34]}
{[%emt 00:00:09]} Ka7 {[%clk 00:29:18]} {[%emt 00:00:26]} 36. Re8 {[%clk
00:20:58]} {[%emt 00:00:06]} e1=Q {[%clk 00:29:27]} {[%emt 00:00:21]} 37. Rxe1
{[%clk 00:21:19]} {[%emt 00:00:08]} Rxe1 {[%clk 00:29:42]} {[%emt 00:00:16]}
38. Kg3 {[%clk 00:21:09]} {[%emt 00:00:40]} c5 {[%clk 00:29:38]} {[%emt
00:00:34]} 39. f4 {[%clk 00:21:09]} {[%emt 00:00:30]} c4 {[%clk 00:29:08]}
{[%emt 00:01:00]} 40. f5 {[%clk 00:21:10]} {[%emt 00:00:29]} c3 {[%clk
00:29:09]} {[%emt 00:00:29]} 41. f6 {[%clk 00:21:21]} {[%emt 00:00:20]} Rf1
{[%clk 00:28:49]} {[%emt 00:00:50]} 42. Nf5 {[%clk 00:21:36]} {[%emt 00:00:14]}
c2 {[%clk 00:28:33]} {[%emt 00:00:46]} 43. f7 {[%clk 00:21:56]} {[%emt
00:00:10]} c1=Q {[%clk 00:27:29]} {[%emt 00:01:34]} 44. f8=Q {[%clk 00:22:18]}
{[%emt 00:00:08]} Qe1 {[%clk 00:26:04]} {[%emt 00:01:54]} 45. Kg2 {[%clk
00:20:42]} {[%emt 00:02:06]} Rf2 {[%clk 00:26:03]} {[%emt 00:00:32]} 46. Kh3
{[%clk 00:20:44]} {[%emt 00:00:28]} Rf3 {[%clk 00:26:01]} {[%emt 00:00:32]} 0-1

[Event "DVM U12 2022"]
[Site "München GER"]
[Date "2022.12.27"]
[Round "1"]
[White "Zielke, Constantin"]
[Black "Meusel, Theodor"]
[Result "0-1"]
[Termination "normal"]
[Board "7.1"]
[WhiteElo "1342"]
[BlackElo "1449"]
[WhiteClock "00:56:24"]
[BlackClock "00:31:47"]
[WhiteTeam "SG Turm Leipzig"]
[BlackTeam "TSG Oberschöneweide"]
[PlyCount "83"]
[WhiteFideId "34640576"]
[BlackFideId "34617116"]
[EventCountry "GER"]
[EventRounds "7"]
[EventType "team-swiss"]
[EventDate "2022.12.26"]

1. e4 {[%clk 01:30:58]} {[%emt 00:00:01]} e6 {[%clk 01:30:59]} {[%emt
00:00:02]} 2. d4 {[%clk 01:31:23]} {[%emt 00:00:05]} d5 {[%clk 01:31:27]}
{[%emt 00:00:02]} 3. Nc3 {[%clk 01:31:44]} {[%emt 00:00:09]} Bb4 {[%clk
01:31:56]} {[%emt 00:00:01]} 4. Bd2 {[%clk 01:31:48]} {[%emt 00:00:26]} Ne7
{[%clk 01:31:21]} {[%emt 00:01:05]} 5. Bd3 {[%clk 01:31:54]} {[%emt 00:00:23]}
Nbc6 {[%clk 01:29:21]} {[%emt 00:02:30]} 6. Nge2 {[%clk 01:31:39]} {[%emt
00:00:46]} O-O {[%clk 01:28:20]} {[%emt 00:01:31]} 7. O-O {[%clk 01:31:48]}
{[%emt 00:00:21]} dxe4 {[%clk 01:25:52]} {[%emt 00:02:57]} 8. Nxe4 {[%clk
01:30:23]} {[%emt 00:01:55]} Bxd2 {[%clk 01:25:54]} {[%emt 00:00:28]} 9. Qxd2
{[%clk 01:30:19]} {[%emt 00:00:34]} Nxd4 {[%clk 01:24:17]} {[%emt 00:02:07]}
10. Nxd4 {[%clk 01:28:38]} {[%emt 00:02:12]} Qxd4 {[%clk 01:24:16]} {[%emt
00:00:31]} 11. Nc3 {[%clk 01:28:42]} {[%emt 00:00:25]} Nf5 {[%clk 01:22:35]}
{[%emt 00:02:11]} 12. Rad1 {[%clk 01:26:32]} {[%emt 00:02:40]} Rd8 {[%clk
01:19:21]} {[%emt 00:03:43]} 13. Qg5 {[%clk 01:24:14]} {[%emt 00:02:32]} h6
{[%clk 01:15:39]} {[%emt 00:04:29]} 14. Qd2 {[%clk 01:21:59]} {[%emt 00:02:43]}
b6 {[%clk 01:12:31]} {[%emt 00:03:39]} 15. Qe2 {[%clk 01:20:59]} {[%emt
00:01:30]} Qb4 {[%clk 01:08:55]} {[%emt 00:04:06]} 16. Qf3 {[%clk 01:17:42]}
{[%emt 00:03:41]} Bd7 {[%clk 01:07:36]} {[%emt 00:01:55]} 17. Bxf5 {[%clk
01:17:35]} {[%emt 00:00:38]} Rac8 {[%clk 01:03:13]} {[%emt 00:04:53]} 18. Bd3
{[%clk 01:16:02]} {[%emt 00:02:02]} Qxb2 {[%clk 00:59:16]} {[%emt 00:04:28]}
19. Rb1 {[%clk 01:15:38]} {[%emt 00:00:52]} Qa3 {[%clk 00:57:45]} {[%emt
00:02:03]} 20. Nb5 {[%clk 01:10:31]} {[%emt 00:05:36]} Qc5 {[%clk 00:55:35]}
{[%emt 00:02:36]} 21. Nc3 {[%clk 01:09:29]} {[%emt 00:01:36]} Bc6 {[%clk
00:52:48]} {[%emt 00:03:17]} 22. Qg3 {[%clk 01:07:11]} {[%emt 00:02:43]} Kf8
{[%clk 00:49:45]} {[%emt 00:03:37]} 23. Ne4 {[%clk 01:06:51]} {[%emt 00:00:51]}
Qd4 {[%clk 00:47:45]} {[%emt 00:02:26]} 24. Rfe1 {[%clk 01:04:30]} {[%emt
00:02:54]} Rd7 {[%clk 00:40:48]} {[%emt 00:07:28]} 25. Rbd1 {[%clk 01:04:06]}
{[%emt 00:00:54]} Bxe4 {[%clk 00:38:50]} {[%emt 00:02:29]} 26. h3 {[%clk
01:01:51]} {[%emt 00:02:44]} Bxd3 {[%clk 00:36:56]} {[%emt 00:02:25]} 27. Rxd3
{[%clk 01:01:31]} {[%emt 00:00:49]} Qa4 {[%clk 00:36:05]} {[%emt 00:01:21]} 28.
Rxd7 {[%clk 00:58:34]} {[%emt 00:03:27]} Qxd7 {[%clk 00:36:27]} {[%emt
00:00:09]} 29. Qa3 {[%clk 00:58:46]} {[%emt 00:00:17]} Qd6 {[%clk 00:36:00]}
{[%emt 00:00:56]} 30. Qxa7 {[%clk 00:58:13]} {[%emt 00:01:05]} Qb4 {[%clk
00:33:09]} {[%emt 00:03:18]} 31. Rf1 {[%clk 00:57:44]} {[%emt 00:00:58]} Qa5
{[%clk 00:32:47]} {[%emt 00:00:51]} 32. Qb7 {[%clk 00:57:01]} {[%emt 00:01:16]}
Qa8 {[%clk 00:32:58]} {[%emt 00:00:20]} 33. Qxa8 {[%clk 00:57:12]} {[%emt
00:00:19]} Rxa8 {[%clk 00:33:27]} {[%emt 00:00:01]} 34. Ra1 {[%clk 00:57:36]}
{[%emt 00:00:07]} Ke7 {[%clk 00:33:45]} {[%emt 00:00:12]} 35. Kf1 {[%clk
00:57:54]} {[%emt 00:00:11]} e5 {[%clk 00:32:31]} {[%emt 00:01:44]} 36. Ke2
{[%clk 00:58:15]} {[%emt 00:00:09]} Ra3 {[%clk 00:32:34]} {[%emt 00:00:26]} 37.
Kd2 {[%clk 00:57:51]} {[%emt 00:00:52]} f5 {[%clk 00:31:57]} {[%emt 00:01:09]}
38. Re1 {[%clk 00:57:42]} {[%emt 00:00:38]} Ke6 {[%clk 00:32:11]} {[%emt
00:00:17]} 39. f4 {[%clk 00:57:41]} {[%emt 00:00:24]} e4 {[%clk 00:32:13]}
{[%emt 00:00:33]} 40. Re3 {[%clk 00:55:43]} {[%emt 00:02:29]} Rxe3 {[%clk
00:31:24]} {[%emt 00:01:20]} 41. Kxe3 {[%clk 00:55:59]} {[%emt 00:00:14]} Kd5
{[%clk 00:31:47]} {[%emt 00:00:07]} 42. Kd2 {[%clk 00:56:24]} {[%emt 00:00:04]}
0-1

[Event "DVM U12 2022"]
[Site "München GER"]
[Date "2022.12.27"]
[Round "1"]
[White "Ollhoff, Hannes"]
[Black "Rössler, Leo"]
[Result "1-0"]
[Termination "normal"]
[Board "7.2"]
[WhiteElo "1247"]
[BlackElo "1373"]
[WhiteClock "00:08:01"]
[BlackClock "00:01:45"]
[WhiteTeam "TSG Oberschöneweide"]
[BlackTeam "SG Turm Leipzig"]
[PlyCount "67"]
[WhiteFideId "16266927"]
[BlackFideId "34640525"]
[EventCountry "GER"]
[EventRounds "7"]
[EventType "team-swiss"]
[EventDate "2022.12.26"]

1. d4 {[%clk 01:30:54]} {[%emt 00:00:05]} d6 {[%clk 01:30:47]} {[%emt
00:00:14]} 2. c4 {[%clk 01:29:53]} {[%emt 00:01:30]} g6 {[%clk 01:29:53]}
{[%emt 00:01:25]} 3. Nc3 {[%clk 01:29:16]} {[%emt 00:01:08]} Bg7 {[%clk
01:29:04]} {[%emt 00:01:19]} 4. Nf3 {[%clk 01:29:05]} {[%emt 00:00:41]} Nf6
{[%clk 01:27:19]} {[%emt 00:02:14]} 5. Bg5 {[%clk 01:28:51]} {[%emt 00:00:44]}
h6 {[%clk 01:25:48]} {[%emt 00:02:02]} 6. Bh4 {[%clk 01:29:12]} {[%emt
00:00:08]} O-O {[%clk 01:25:49]} {[%emt 00:00:29]} 7. e3 {[%clk 01:28:58]}
{[%emt 00:00:44]} Bg4 {[%clk 01:16:06]} {[%emt 00:10:13]} 8. Be2 {[%clk
01:25:59]} {[%emt 00:03:29]} c6 {[%clk 01:07:56]} {[%emt 00:08:39]} 9. Qc2
{[%clk 01:23:06]} {[%emt 00:03:23]} Nbd7 {[%clk 01:01:40]} {[%emt 00:06:46]}
10. O-O {[%clk 01:22:17]} {[%emt 00:01:20]} Qc7 {[%clk 00:56:02]} {[%emt
00:06:08]} 11. Rfd1 {[%clk 01:18:34]} {[%emt 00:04:13]} e5 {[%clk 00:54:18]}
{[%emt 00:02:13]} 12. Rac1 {[%clk 01:14:03]} {[%emt 00:05:01]} Rfe8 {[%clk
00:51:15]} {[%emt 00:03:32]} 13. dxe5 {[%clk 00:58:52]} {[%emt 00:15:42]} dxe5
{[%clk 00:49:32]} {[%emt 00:02:12]} 14. Bd3 {[%clk 00:49:13]} {[%emt 00:10:10]}
Bxf3 {[%clk 00:40:34]} {[%emt 00:09:27]} 15. gxf3 {[%clk 00:49:31]} {[%emt
00:00:12]} Qa5 {[%clk 00:33:11]} {[%emt 00:07:52]} 16. a3 {[%clk 00:45:24]}
{[%emt 00:04:37]} Qc7 {[%clk 00:25:54]} {[%emt 00:07:47]} 17. b4 {[%clk
00:40:06]} {[%emt 00:05:48]} a5 {[%clk 00:21:24]} {[%emt 00:05:00]} 18. Rd2
{[%clk 00:35:28]} {[%emt 00:05:08]} g5 {[%clk 00:15:32]} {[%emt 00:06:22]} 19.
Bg3 {[%clk 00:35:28]} {[%emt 00:00:31]} h5 {[%clk 00:15:42]} {[%emt 00:00:20]}
20. h3 {[%clk 00:33:38]} {[%emt 00:02:20]} b6 {[%clk 00:12:29]} {[%emt
00:03:42]} 21. Ne4 {[%clk 00:28:37]} {[%emt 00:05:31]} Bh6 {[%clk 00:10:30]}
{[%emt 00:02:29]} 22. Nd6 {[%clk 00:26:38]} {[%emt 00:02:29]} Re6 {[%clk
00:08:24]} {[%emt 00:02:36]} 23. Nf5 {[%clk 00:25:06]} {[%emt 00:02:02]} Bg7
{[%clk 00:08:32]} {[%emt 00:00:23]} 24. c5 {[%clk 00:21:39]} {[%emt 00:03:56]}
b5 {[%clk 00:07:55]} {[%emt 00:01:06]} 25. e4 {[%clk 00:20:08]} {[%emt
00:02:01]} axb4 {[%clk 00:07:27]} {[%emt 00:00:59]} 26. axb4 {[%clk 00:20:32]}
{[%emt 00:00:06]} Ra4 {[%clk 00:07:12]} {[%emt 00:00:45]} 27. Qc3 {[%clk
00:17:48]} {[%emt 00:03:13]} Qa7 {[%clk 00:07:07]} {[%emt 00:00:36]} 28. Bc2
{[%clk 00:16:21]} {[%emt 00:01:56]} Ra3 {[%clk 00:06:58]} {[%emt 00:00:40]} 29.
Bb3 {[%clk 00:14:26]} {[%emt 00:02:26]} Re8 {[%clk 00:05:32]} {[%emt 00:01:56]}
30. Rd6 {[%clk 00:12:50]} {[%emt 00:02:04]} Qa8 {[%clk 00:04:38]} {[%emt
00:01:25]} 31. Rb1 {[%clk 00:10:01]} {[%emt 00:03:19]} Kh7 {[%clk 00:03:58]}
{[%emt 00:01:09]} 32. Qd2 {[%clk 00:08:55]} {[%emt 00:01:37]} Bh6 {[%clk
00:03:06]} {[%emt 00:01:23]} 33. Bxf7 {[%clk 00:08:01]} {[%emt 00:01:23]} Rf8
{[%clk 00:01:45]} {[%emt 00:01:51]} 34. Bxh5 {[%emt 00:03:37]} 1-0

[Event "DVM U12 2022"]
[Site "München GER"]
[Date "2022.12.27"]
[Round "1"]
[White "Sosnicki, Adrian"]
[Black "Schriefer, Leo Hans"]
[Result "0-1"]
[Termination "normal"]
[Board "7.3"]
[WhiteElo "1132"]
[BlackElo "1048"]
[WhiteClock "01:07:10"]
[BlackClock "01:13:53"]
[WhiteTeam "SG Turm Leipzig"]
[BlackTeam "TSG Oberschöneweide"]
[PlyCount "94"]
[WhiteFideId "34640541"]
[BlackFideId "16266935"]
[EventCountry "GER"]
[EventRounds "7"]
[EventType "team-swiss"]
[EventDate "2022.12.26"]

1. e4 {[%clk 01:30:59]} c5 {[%clk 01:30:57]} {[%emt 00:00:03]} 2. Nf3 {[%clk
01:31:25]} {[%emt 00:00:04]} g6 {[%clk 01:31:03]} {[%emt 00:00:24]} 3. Bc4
{[%clk 01:31:15]} {[%emt 00:00:39]} Bg7 {[%clk 01:30:53]} {[%emt 00:00:38]} 4.
d4 {[%clk 01:31:10]} {[%emt 00:00:37]} cxd4 {[%clk 01:31:18]} {[%emt 00:00:05]}
5. Nxd4 {[%clk 01:31:34]} {[%emt 00:00:06]} Nc6 {[%clk 01:31:43]} {[%emt
00:00:05]} 6. Nxc6 {[%clk 01:31:47]} {[%emt 00:00:17]} bxc6 {[%clk 01:31:59]}
{[%emt 00:00:13]} 7. Bf4 {[%clk 01:31:47]} {[%emt 00:00:30]} Bxb2 {[%clk
01:30:50]} {[%emt 00:01:38]} 8. Nd2 {[%clk 01:32:04]} {[%emt 00:00:14]} Bg7
{[%clk 01:30:31]} {[%emt 00:00:49]} 9. Rb1 {[%clk 01:32:10]} {[%emt 00:00:24]}
d5 {[%clk 01:29:25]} {[%emt 00:01:36]} 10. Bb3 {[%clk 01:32:05]} {[%emt
00:00:36]} a5 {[%clk 01:27:35]} {[%emt 00:02:20]} 11. a4 {[%clk 01:31:48]}
{[%emt 00:00:48]} Nf6 {[%clk 01:27:18]} {[%emt 00:00:46]} 12. e5 {[%clk
01:31:19]} {[%emt 00:01:00]} Nd7 {[%clk 01:27:28]} {[%emt 00:00:19]} 13. Nf3
{[%clk 01:31:29]} {[%emt 00:00:20]} O-O {[%clk 01:27:23]} {[%emt 00:00:34]} 14.
O-O {[%clk 01:31:23]} {[%emt 00:00:37]} Nc5 {[%clk 01:26:50]} {[%emt 00:01:02]}
15. Be3 {[%clk 01:24:56]} {[%emt 00:06:58]} Ne4 {[%clk 01:22:51]} {[%emt
00:04:29]} 16. Qd4 {[%clk 01:24:20]} {[%emt 00:01:07]} Bd7 {[%clk 01:19:37]}
{[%emt 00:03:44]} 17. Rb2 {[%clk 01:22:25]} {[%emt 00:02:24]} Nd6 {[%clk
01:18:12]} {[%emt 00:01:55]} 18. c4 {[%clk 01:18:08]} {[%emt 00:04:48]} Nf5
{[%clk 01:18:12]} {[%emt 00:00:29]} 19. Qd3 {[%clk 01:18:11]} {[%emt 00:00:27]}
Nxe3 {[%clk 01:18:21]} {[%emt 00:00:21]} 20. Qxe3 {[%clk 01:18:03]} {[%emt
00:00:38]} e6 {[%clk 01:17:45]} {[%emt 00:01:04]} 21. c5 {[%clk 01:17:15]}
{[%emt 00:01:20]} Rb8 {[%clk 01:17:12]} {[%emt 00:01:04]} 22. Rfb1 {[%clk
01:15:28]} {[%emt 00:02:17]} Qc7 {[%clk 01:16:23]} {[%emt 00:01:17]} 23. g3
{[%clk 01:14:27]} {[%emt 00:01:32]} Rb4 {[%clk 01:16:08]} {[%emt 00:00:44]} 24.
Bc2 {[%clk 01:13:17]} {[%emt 00:01:42]} Rxb2 {[%clk 01:16:23]} {[%emt
00:00:15]} 25. Rxb2 {[%clk 01:13:39]} {[%emt 00:00:08]} Rb8 {[%clk 01:16:46]}
{[%emt 00:00:07]} 26. Qc3 {[%clk 01:13:24]} {[%emt 00:00:44]} Rxb2 {[%clk
01:16:18]} {[%emt 00:00:58]} 27. Qxb2 {[%clk 01:13:47]} {[%emt 00:00:07]} Bf8
{[%clk 01:14:22]} {[%emt 00:02:27]} 28. Qc3 {[%clk 01:14:00]} {[%emt 00:00:16]}
Qa7 {[%clk 01:14:26]} {[%emt 00:00:21]} 29. Ng5 {[%clk 01:12:28]} {[%emt
00:02:07]} Qxc5 {[%clk 01:13:36]} {[%emt 00:01:19]} 30. Qf3 {[%clk 01:12:33]}
{[%emt 00:00:26]} Qe7 {[%clk 01:13:10]} {[%emt 00:00:43]} 31. Qf4 {[%clk
01:11:24]} {[%emt 00:01:52]} c5 {[%clk 01:12:15]} {[%emt 00:01:25]} 32. Qh4
{[%clk 01:11:44]} {[%emt 00:00:09]} h6 {[%clk 01:12:31]} {[%emt 00:00:15]} 33.
Nf3 {[%clk 01:11:56]} {[%emt 00:00:18]} Qxh4 {[%clk 01:12:50]} {[%emt
00:00:10]} 34. Nxh4 {[%clk 01:12:18]} {[%emt 00:00:09]} Kg7 {[%clk 01:13:12]}
{[%emt 00:00:08]} 35. f4 {[%clk 01:12:19]} {[%emt 00:00:29]} c4 {[%clk
01:13:32]} {[%emt 00:00:10]} 36. Kf2 {[%clk 01:12:37]} {[%emt 00:00:12]} Be7
{[%clk 01:13:19]} {[%emt 00:00:31]} 37. Nf3 {[%clk 01:12:41]} {[%emt 00:00:37]}
Bc6 {[%clk 01:13:30]} {[%emt 00:00:15]} 38. Ke3 {[%clk 01:12:51]} {[%emt
00:00:25]} Bc5 {[%clk 01:13:49]} {[%emt 00:00:10]} 39. Nd4 {[%clk 01:12:50]}
{[%emt 00:00:31]} Kf8 {[%clk 01:14:00]} {[%emt 00:00:19]} 40. h3 {[%clk
01:12:48]} {[%emt 00:00:33]} Kg7 {[%clk 01:13:58]} {[%emt 00:00:32]} 41. g4
{[%clk 01:08:54]} {[%emt 00:04:24]} f6 {[%clk 01:13:58]} {[%emt 00:00:30]} 42.
exf6 {[%clk 01:08:33]} {[%emt 00:00:51]} Kxf6 {[%clk 01:14:16]} {[%emt
00:00:12]} 43. h4 {[%clk 01:08:15]} {[%emt 00:00:48]} Be8 {[%clk 01:13:00]}
{[%emt 00:01:42]} 44. g5 {[%clk 01:07:59]} {[%emt 00:00:50]} hxg5 {[%clk
01:13:20]} {[%emt 00:00:10]} 45. hxg5 {[%clk 01:08:24]} {[%emt 00:00:05]} Ke7
{[%clk 01:13:34]} {[%emt 00:00:16]} 46. Bd1 {[%clk 01:07:04]} {[%emt 00:01:51]}
Kd6 {[%clk 01:13:51]} {[%emt 00:00:12]} 47. Bg4 {[%clk 01:07:10]} {[%emt
00:00:23]} e5 {[%clk 01:13:53]} {[%emt 00:00:29]} 0-1